000
15956nas a22001577a 4500
008
210325b th ||||| |||| 00| 0 tha d
022
_a
0125068X
041
0
_a
tha
245
1
0
_a
สกุลไทย
310
_a
รายสัปดาห์
850
_a
NALT
942
_c
JNR
997
_c
47383
999
_c
87383
_d
87383